000 00404nam a2200121Ia 4500
008 220216s9999 xx 000 0 und d
100 _aNair N.U.
245 0 _aBiochemical aspects related to rubber biosynthesis and yield in Hevea brasiliensis
260 _bPh.D. Thesis, University of Kerala, Thiruvananthapuram, India, 113 p.
_c1994
650 _aBiochemical parameter
650 _aYield
942 _cBS
999 _c52728
_d52728